000 00559nam a2200217Ia 4500
003 OSt
005 20230405100930.0
008 210423s2005 xx 000 0 und d
020 _a534612962
040 _cAL
041 _aeng
082 _a659.2 NEWD
_223
100 _aNEWSOM (Doug);HAYNES (Jim).
_983037
245 _aPublic relations writing: form and style.
250 _a7
260 _aAustralia
_bThomson
_c2005
300 _axxii,441
_bPB
365 _b895
_cINR
906 _aform ; Public ; relations ; style. ; writing:
942 _2ddc
_cBK
999 _c158672
_d158672